الوجيز في القانون الدستوري / (Record no. 22916)
[ view plain ]
| 000 -الفاتح | |
|---|---|
| حقل البيانات ثابتة الطول | 00786nam a22002295a 4500 |
| 003 - محدد رقم الضبط | |
| رقم الضبط | OSt |
| 005 - وقت وتاريخ اخر تعامل مع التسجيلة | |
| رقم الضبط | 20170116130555.0 |
| 008 - عناصر البيانات ثابتة الطول - معلومات عامة | |
| حقل البيانات ثابتة الطول | 161030s2017 ua fr 000 0 ara d |
| 040 ## - مصدر الفهرسة | |
| وكالة الفهرسة الأصلية | EG-ScBUE |
| لغة الفهرسة | ara |
| وكالة النسخ | EG-ScBUE |
| 043 ## - رمز المنطقة الجغرافية | |
| رمز المنطقة الجغرافية | f-ua--- |
| 082 04 - رقم تصنيف ديوى العشرى | |
| رقم التصنيف | 342.62 |
| رقم المادة | ش ا ع |
| رقم الطبعة | 22 |
| 100 1# - المدخل الرئيسى - إسم شخصى | |
| الإسم الشخصى | شاعر، رمزي طه. |
| 245 14 - بيان العنوان | |
| العنوان | الوجيز في القانون الدستوري / |
| بيان المسئوليه,etc | رمزي طه الشاعر. |
| 260 ## - PUBLICATION, DISTRIBUTION, ETC. (IMPRINT) | |
| مكان الناشر او الموزع | القاهرة : |
| اسم الناشر او الموزع | دار النهضة العربية، |
| تاريخ النشر أو التوزيع | 2017. |
| 300 ## - الوصف المادى | |
| التعداد | مج. 1. (248 ص.) ؛ |
| أبعاد الوعاء | 24 سم. |
| 505 2# - تبصرة محتويات-الفهرس | |
| تبصرة المحتويات المصاغة | مج. 1. النظرية العامة للقانون الدستوري. |
| 651 ## - المدخل الاضافى بالموضوع - اسم جغرافى | |
| مصدر الرأس أو المصطلح | BUEsh |
| 653 ## - مصطلح تكشيفى غير مقيد | |
| Resource For college | Law |
| Arrived date list | October2016 |
| 655 ## - مصطلح تكشيفى-نوع/شكل | |
| التقسيم الفرعي الشكلي | Text book |
| -- | 33728 |
| 650 #0 - المدخل الاضافى بالموضوع-مصطلح موضوعى | |
| 9 (RLIN) | 41131 |
| مصطلح موضوعي أو اسم جغرافي كعنصر مدخل | القانون الدستوري |
| التقسيم الفرعي الجغرافي | مصر |
| مصدر الرأس أو المصطلح | BUEsh |
| 942 ## - عناصر المدخل الإضافي( كوها) | |
| مصدر التصنيف او مخطط الترفيف | Dewey Decimal Classification |
| حالة التراجع | حالة الفقد | مصدر التصنيف او خطة الترفيف | حالة تلف | ليس للاعارة | مجموعات كوها | المكان الدائم | المكان الحالي | موقع الترفيف | تاريخ الاكتساب | Source of acquisition | سعر الشراء الطبيعي | رقم الاستدعاء | الباركود | Date last seen | نوع الوعاء | مُعار | تحديد مواد ( مجلدات مجمعه أو جزء أخر) | Date last checked out |
|---|---|---|---|---|---|---|---|---|---|---|---|---|---|---|---|---|---|---|
| Dewey Decimal Classification | Baccah | Central Library | Central Library | First floor | 30/10/2016 | Purchase | 140.00 | 342.62 ش ا ع | 000034632 | 15/07/2025 | NB - Book (Non borrowing) | |||||||
| Dewey Decimal Classification | Baccah | Central Library | Central Library | First floor | 30/10/2016 | Purchase | 342.62 ش ا ع | 000034633 | 15/07/2025 | Book - Borrowing | 12/12/2022 | |||||||
| Dewey Decimal Classification | Baccah | Central Library | Central Library | First floor | 30/10/2016 | Purchase | 342.62 ش ا ع | 000034634 | 15/07/2025 | Book - Borrowing | 11/12/2022 | |||||||
| Dewey Decimal Classification | Baccah | Central Library | Central Library | First floor | 30/10/2016 | Purchase | 342.62 ش ا ع | 000034635 | 15/07/2025 | Book - Borrowing | 16/11/2023 | Lost_In_Inventory_11-6-2024 | ||||||
| Dewey Decimal Classification | Baccah | Central Library | Central Library | First floor | 30/10/2016 | Purchase | 342.62 ش ا ع | 000034636 | 01/11/2016 | Book - Borrowing | 01/11/2016 | 22/11/2016 |